| 000 | 01217nam a22002537a 4500 | ||
|---|---|---|---|
| 008 | 081120t xxu||||| |||| 00| 0 eng d | ||
| 010 | _aENG-91713 | ||
| 020 |
_a9788175347175 _c1695.00 |
||
| 035 | _aEN-75246 | ||
| 037 | _bDBAD / PUB | ||
| 040 |
_adpl _bEnglish |
||
| 082 | _a343.540929 | ||
| 100 | _aAiyar, S. Krishnamurthi, 1906- | ||
| 245 |
_aLaw relating to electricity in India: _cby S. Krishnamurthi Aiyar _ban exhaustive section-wise commentary on the Electricity Act, 2003 along with central and state acts, rules, regulations, notifications, and model forms / |
||
| 250 |
_a2nd ed. / _brev. by Pramod Kumar Das. |
||
| 260 |
_aDelhi _bUniversal Law Publishing _c2008 |
||
| 270 |
_aC-FF-1A, Dilkhush Industrial Estate, (Opp, Hans Cinema, Azadpur) GT. Karnal Road,, _bDelhi _e110033 |
||
| 300 |
_acxxxi, 1784p. _c25cm (Hb) _eCD-ROM |
||
| 500 | _aIncludes index | ||
| 650 |
_aElectric engineering _xLaw and legislation _zIndia |
||
| 700 | _aDas, Pramod Kumar | ||
| 942 |
_2ddc _cEN _mAIY _h343.540929 |
||
| 999 |
_c18875 _d18875 |
||